Nuclear Physics (Record no. 8821)

000 -LEADER
fixed length control field 00430 a2200157 4500
020 ## - INTERNATIONAL STANDARD BOOK NUMBER
International Standard Book Number 8121904137
082 ## - DEWEY DECIMAL CLASSIFICATION NUMBER
Classification number 539.7
090 ## - LOCALLY ASSIGNED LC-TYPE CALL NUMBER (OCLC); LOCAL CALL NUMBER (RLIN)
-- 4944
-- 4944
100 ## - MAIN ENTRY--PERSONAL NAME
Personal name Ghoshal, S. N.
245 ## - TITLE STATEMENT
Title Nuclear Physics
Statement of responsibility, etc. S. N. Ghoshal
260 ## - PUBLICATION, DISTRIBUTION, ETC.
Place of publication, distribution, etc. New Delhi:
Name of publisher, distributor, etc. S. Chand and Company Ltd.,
Date of publication, distribution, etc. 1994.
300 ## - PHYSICAL DESCRIPTION
Extent xiv, 1055 p. :
Other physical details ill. ;
Dimensions 24 cm.
500 ## - GENERAL NOTE
General note Includes Index
650 ## - SUBJECT ADDED ENTRY--TOPICAL TERM
Topical term or geographic name entry element 1.Nuclear Energy.2.Nuclear Physics
942 ## - ADDED ENTRY ELEMENTS (KOHA)
Koha item type Book
Call number prefix 539.7 GHO
Holdings
Withdrawn status Lost status Damaged status Not for loan Collection code Permanent Location Current Location Shelving location Date acquired Source of acquisition Cost, normal purchase price Total Checkouts Full call number Barcode Date last seen Date last checked out Price effective from Koha item type
          Central Library (CL) Central Library (CL) General Stacks 05/19/2009 Star Books 472.88 3 539.7 GHO SEECS009350 12/22/2021 09/12/2019 01/05/2017 Book
© 2023 Central Library, National University of Sciences and Technology. All Rights Reserved.